• Galdieri Michele

di Personal Name

Records bibliografici associati: 1

001 - CONTROL NUMBER

  • control field: 13259

003 - CONTROL NUMBER IDENTIFIER

  • control field: IT-RoPau

005 - DATE AND TIME OF LATEST TRANSACTION

  • control field: 20140213085415.0

008 - FIXED-LENGTH DATA ELEMENTS

  • fixed length control field: 140213|| aca||aabn | a|a d

040 ## - CATALOGING SOURCE

  • Original cataloging agency: IT-RoPau
  • Transcribing agency: IT-RoPau

100 ## - HEADING--PERSONAL NAME

  • Personal name: Galdieri Michele
  • Miscellaneous information: Codice autore musica SPICS: 13370
  • Relator term: Autore musica
  • Name of part/section of a work: Munasterio 'e Santa Chiara

670 ## - SOURCE DATA FOUND

  • Source citation: Work cat.: (IT-RoPau)99702: AA.VV. 794, World of Neapolitan Song (The)
CREDITS: SOCIETA' SAN PAOLO Via A.Severo, 58 - ROMA (RM) & PERIODICI SAN PAOLO SRL Via Giotto, 36 MILANO & CISF Via Giotto, 36 MILANO & EDIZIONI SAN PAOLO SRL,  Piazza Soncino, 5 CINISELLO BALSAMO (MI) -- ITALY